| 000 | 03181nam a2200385 i 4500 | ||
|---|---|---|---|
| 001 | 196345 | ||
| 003 | ES-MaACL | ||
| 005 | 20250721063453.0 | ||
| 008 | 240917s2022 sp | |||| 001 0 spa | ||
| 015 | _aMON22 | ||
| 017 |
_aM 25375-2022 _bOficina Depósito Legal Madrid |
||
| 020 | _a9788413525631 | ||
| 035 | _a(SpMaBN)a7200427 | ||
| 040 |
_aSpMaBN _bspa _cSpMaBN _erda _dES-MaACL |
||
| 080 | _a329.055.4(460)"1789/2022" | ||
| 100 | 1 |
_aPérez Garzón, Juan Sisinio _990901 _eaut |
|
| 245 | 1 | 0 |
_aHistoria de las izquierdas en España (1789-2022) / _cJuan Sisinio Pérez Garzón. |
| 264 | 1 |
_aMadrid : _bLos Libros de la Catarata, _c[2022] |
|
| 264 | 4 | _c©2022 | |
| 300 |
_a510 páginas ; _c24 cm |
||
| 336 |
_aTexto _2rdacontent |
||
| 337 |
_asin mediación _2rdamedia |
||
| 338 |
_avolumen _2rdacarrier |
||
| 490 | 1 |
_aMayor ; _v910 |
|
| 504 | _aBibliografía: páginas 495-497. Índice | ||
| 520 | _aEste libro presenta la primera historia concatenada de más de dos largos siglos de luchas de las izquierdas en España. Permitirá comprender la complejidad de cuantos actores de todo signo -partidos, sindicatos, periódicos, publicistas, propagandistas subversivos, hombres y mujeres- han impulsado y ampliado libertades y derechos sociales, han rotulado las constituciones más democráticas de nuestra historia y han cimentado el actual Estado del bienestar; de la misma manera, han sumado también errores y acciones injustificables. Por eso, este texto describe la trayectoria y evolución de las izquierdas, a sabiendas de que su definición no es ni absoluta ni estática, sino que designa diferentes contenidos según los tiempos y las situaciones. Se analizan las izquierdas con una mirada acumulativa. Arranca con las aportaciones de los liberales decimonónicos, luego ampliadas por republicanos de orden, socialistas utópicos y populistas que abrieron las compuertas a la democracia. El afán de construir una sociedad más justa e igualitaria, considerándose portadores del progreso social, se acrecentó con sindicalistas y dirigentes obreros, con partidos y organizaciones reformistas y revolucionarias. A todos, la guerra civil de 1936 y la larga dictadura posterior cambió trágicamente sus vidas y sus respectivas estrategias. La historia se prolonga hasta el presente con una novedad significativa: se incluye en cada época la lucha de las mujeres por conquistar su libertad e igualdad. Se aprende, en suma, que no existe grupo o ideario que pueda atribuirse la genuina y exclusiva expresión de la izquierda en un momento concreto, y que, por tanto, la descalificación absoluta de los demás competidores constituye un callejón sin salida. | ||
| 650 | 7 |
_aIzquierda (Política)- _zEspaña- _vHistoria _9151614 |
|
| 852 |
_aES-MaACL _cDEPOJ _jN-10135 _gDedicatoria autógrafa del autor _hDonación: Juan Sisinio Pérez Garzón _xEncuadernación rústica con solapas _9206268 |
||
| 903 |
_990901 _aPérez Garzón, Juan Sisinio _ednr |
||
| 942 |
_cMONOGRAFIA _n0 |
||
| 999 |
_c196345 _d196345 |
||